000 00685nam a2200181 i 4500
001 182140
003 ES-MaACL
005 20250805055627.0
008 130619s1960 sp |||| | spa d
100 0 _aCalderón Quijano, José Antonio.
_933626
245 1 3 _aEl reinado de Carlos III en la historiografía americanista /
_cJosé Antonio Calderón Quijano.
260 _aSevilla :
_bRevista de Estudios Hispanoamericanos,
_c1960.
300 _aP. [95]-97 ;
_c24 cm.
595 _aSeparata del nº 100 de la Revista Estudios Hispanoamericanos, Sevilla 1960.
600 0 4 _aCarlos
_bIII,
_cRey de España
_935305
852 _aES-MaACL
_j2190-F-30
999 _c182140
_d182140